[Event "FIN-ch Seniors 65"]
[Site "Helsinki"]
[Date "2019.06.12"]
[Round "3"]
[White "Gronroos, Matti"]
[Black "Sorri, Kari Juhani"]
[Result "1/2-1/2"]
[WhiteElo "1931"]
[BlackElo "2184"]
[PlyCount "132"]
[EventDate "2019.06.10"]
[EventType "swiss"]
[EventRounds "9"]
[EventCountry "FIN"]
[SourceTitle "EXT 2021"]
[Source "ChessBase"]
[SourceDate "2020.10.23"]
[SourceVersion "1"]
[SourceVersionDate "2020.10.23"]
[SourceQuality "1"]

1. e4 e5 2. Nf3 Nc6 3. Nc3 d6 4. Bb5 Be7 5. d4 exd4 6. Nxd4 Bd7 7. Bxc6 bxc6 8. 0-0 Nf6 9. Qf3 0-0 10. Nf5 Bxf5 11. Qxf5 Rb8 12. b3 Qd7 13. Qa5 d5 14. Bb2 dxe4 15. Qxa7 Bd6 16. Qa5 Ng4 17. h3 Nh2 18. Rfd1 Nf3+ 19. gxf3 Qxh3 20. Rxd6 cxd6 21. Qg5 h6 22. Qg3 Qxg3+ 23. fxg3 exf3 24. Kf2 Rfe8 25. Kxf3 d5 26. Rd1 g5 27. a4 Re6 28. Rd2 Kh7 29. Re2 d4 30. Nd1 d3 31. cxd3 Rxe2 32. Kxe2 Rxb3 33. a5 Rb8 34. Bd4 Rb4 35. Bb6 Ra4 36. Nc3 Ra3 37. Ne4 f5 38. Nd6 Kg6 39. Nc4 Ra2+ 40. Ke3 h5 41. Ne5+ Kf6 42. Nxc6 f4+ 43. gxf4 g4 44. Bd8+ Ke6 45. Bh4 Kd6 46. Ne5 Kd5 47. Nc4 Ra1 48. Kf2 Ke6 49. Bd8 Kf5 50. Bg5 Ra2+ 51. Kg3 Ra1 52. Be7 Ke6 53. Ba3 Kd7 54. f5 Rf1 55. Ne5+ Kc7 56. Nxg4 Rg1+ 57. Kh4 hxg4 58. f6 g3 59. Kh3 g2 60. f7 Rf1 61. Kxg2 Rxf7 62. d4 Kc6 63. Bc5 Kb5 64. Bb6 Rf4 65. Kg3 Rxd4 66. Bxd4 Kxa5 1/2-1/2

[Event "FIN-chT 0506"]
[Site "Finland"]
[Date "2006.03.11"]
[Round "8.3"]
[White "Salokangas, Hannu"]
[Black "Sorri, Kari Juhani"]
[Result "1-0"]
[WhiteElo "2171"]
[BlackElo "2274"]
[PlyCount "83"]
[EventDate "2005.09.10"]
[EventType "team-tourn"]
[EventRounds "9"]
[EventCountry "FIN"]
[SourceTitle "EXT 2022"]
[Source "ChessBase"]
[SourceDate "2021.10.06"]
[SourceVersion "1"]
[SourceVersionDate "2021.10.06"]
[SourceQuality "1"]
[WhiteTeam "Tampere Tammer"]
[BlackTeam "Helsinki HSK"]
[WhiteTeamCountry "FIN"]
[BlackTeamCountry "FIN"]

1. c4 Nf6 2. Nf3 c6 3. g3 d5 4. b3 Bf5 5. Bb2 e6 6. Bg2 Be7 7. 0-0 0-0 8. d3 Nbd7 9. Nbd2 h6 10. Rc1 Qa5 11. Qc2 Ba3 12. Rb1 Bxb2 13. Qxb2 Qb4 14. a3 Qe7 15. b4 Nb6 16. Ne5 Nfd7 17. Rbc1 Qf6 18. d4 Nxe5 19. dxe5 Qe7 20. e4 Bg6 21. c5 Nd7 22. f4 Bh7 23. Qc3 Rad8 24. a4 f6 25. exf6 Nxf6 26. e5 Ng4 27. Qd4 h5 28. Bf3 Bg6 29. Bxg4 hxg4 30. Nb3 Be4 31. Qe3 g6 32. Nd4 Rc8 33. Rc3 Bf5 34. Rfc1 Qc7 35. Qe2 Rfd8 36. h3 gxh3 37. g4 Be4 38. Rxh3 Re8 39. Qh2 Qg7 40. g5 Rc7 41. Rcc3 Rf7 42. Rh6 1-0

[Event "FIN-chT 0506"]
[Site "Finland"]
[Date "2006.01.14"]
[Round "6.3"]
[White "Nevanlinna, Risto"]
[Black "Sorri, Kari Juhani"]
[Result "1-0"]
[WhiteElo "2306"]
[BlackElo "2274"]
[PlyCount "126"]
[EventDate "2005.09.10"]
[EventType "team-tourn"]
[EventRounds "9"]
[EventCountry "FIN"]
[SourceTitle "EXT 2022"]
[Source "ChessBase"]
[SourceDate "2021.10.06"]
[SourceVersion "1"]
[SourceVersionDate "2021.10.06"]
[SourceQuality "1"]
[WhiteTeam "Jyvaskyla JyS"]
[BlackTeam "Helsinki HSK"]
[WhiteTeamCountry "FIN"]
[BlackTeamCountry "FIN"]

1. e4 e5 2. Nf3 Nc6 3. Bb5 a6 4. Ba4 Nf6 5. 0-0 b5 6. Bb3 Bb7 7. c3 Be7 8. Re1 0-0 9. d4 d6 10. Nbd2 Nd7 11. Nf1 Na5 12. Bc2 Bf6 13. Ng3 g6 14. a4 Nb6 15. Bh6 Re8 16. d5 Bc8 17. axb5 axb5 18. Qe2 Bd7 19. Bd3 b4 20. cxb4 Nb3 21. Rxa8 Nxa8 22. Qc2 Nd4 23. Nxd4 exd4 24. Rc1 Qb8 25. Bd2 Rc8 26. Ne2 Bb5 27. b3 Bxd3 28. Qxd3 Qa7 29. g3 Re8 30. Kg2 h5 31. f3 Bg7 32. Be1 Rb8 33. b5 Qa3 34. Rd1 Nb6 35. Nxd4 Nd7 36. Qc2 Qc5 37. Qc4 Ra8 38. Bf2 Ra2 39. Qxc5 Nxc5 40. Kg1 Rb2 41. Be1 Bxd4+ 42. Rxd4 Nd7 43. f4 Rb1 44. Kf2 Rb2+ 45. Kf1 Rb1 46. Rc4 Nc5 47. Ke2 Rb2+ 48. Kd1 Rb1+ 49. Ke2 Rb2+ 50. Kf1 Rb1 51. e5 Nd3 52. Rxc7 Rxe1+ 53. Kg2 dxe5 54. b6 e4 55. b7 Re2+ 56. Kh3 Nf2+ 57. Kh4 Ng4 58. b8Q+ Kg7 59. Qe8 Nh6 60. Qe5+ Kh7 61. Kg5 Rxh2 62. Rc8 Ng8 63. Rxg8 Kxg8 1-0

[Event "FIN-chT 0203"]
[Site "Finland"]
[Date "2002.10.21"]
[Round "1.3"]
[White "Sorri, Kari Juhani"]
[Black "Salmensuu, Olli"]
[Result "1-0"]
[WhiteElo "2263"]
[BlackElo "2422"]
[PlyCount "65"]
[EventDate "2002.10.21"]
[EventType "team-tourn"]
[EventRounds "9"]
[EventCountry "FIN"]
[SourceTitle "EXT 2004"]
[Source "ChessBase"]
[SourceDate "2003.11.25"]
[SourceVersion "1"]
[SourceVersionDate "2003.11.25"]
[SourceQuality "1"]
[WhiteTeam "Helsinki HSK"]
[BlackTeam "Jyvaskyla JyS"]
[WhiteTeamCountry "FIN"]
[BlackTeamCountry "FIN"]

1. e4 e6 2. d4 d5 3. e5 c5 4. c3 Nc6 5. Nf3 Bd7 6. Bd3 cxd4 7. cxd4 Qb6 8. 0-0 Nxd4 9. Nxd4 Qxd4 10. Nc3 Ne7 11. Nb5 Qxe5 12. Re1 Qb8 13. Qf3 f6 14. Rxe6 Bxe6 15. Bf4 Qd8 16. Bc7 Nc6 17. Bxd8 Rxd8 18. Nc7+ Kd7 19. Nxe6 Kxe6 20. Re1+ Kf7 21. Qh5+ g6 22. Bxg6+ hxg6 23. Qxh8 d4 24. Qh7+ Bg7 25. Qh3 g5 26. Qb3+ Kg6 27. g3 Bh6 28. Qxb7 Rd6 29. Qc7 Bf8 30. Re8 d3 31. Rxf8 Re6 32. g4 Ne7 33. Qd7 1-0

[Event "FIN-chT 0203"]
[Site "Finland"]
[Date "2002.10.20"]
[Round "3.4"]
[White "Koskinen, Henri"]
[Black "Sorri, Kari Juhani"]
[Result "1-0"]
[WhiteElo "2336"]
[BlackElo "2263"]
[PlyCount "95"]
[EventDate "2002.10.21"]
[EventType "team-tourn"]
[EventRounds "9"]
[EventCountry "FIN"]
[SourceTitle "EXT 2004"]
[Source "ChessBase"]
[SourceDate "2003.11.25"]
[SourceVersion "1"]
[SourceVersionDate "2003.11.25"]
[SourceQuality "1"]
[WhiteTeam "Vantaa EtVaS"]
[BlackTeam "Helsinki HSK"]
[WhiteTeamCountry "FIN"]
[BlackTeamCountry "FIN"]

1. d4 d5 2. c4 c6 3. Nf3 Nf6 4. Nc3 dxc4 5. a4 Bf5 6. e3 e6 7. Bxc4 Bb4 8. 0-0 Nbd7 9. Qe2 0-0 10. Ne5 h6 11. Nd3 Be7 12. a5 b5 13. axb6 axb6 14. Rxa8 Qxa8 15. e4 Bh7 16. f3 b5 17. Bb3 Nb6 18. Be3 Nfd7 19. Rc1 Bd6 20. Nc5 Kh8 21. Na2 Rb8 22. Nb4 Bxc5 23. dxc5 Nc4 24. Bxc4 bxc4 25. Qxc4 Bg8 26. Qc3 Qa4 27. Bxh6 e5 28. Bd2 f6 29. f4 Be6 30. f5 Bf7 31. Qa3 Nxc5 32. Qxa4 Nxa4 33. Rxc6 Nxb2 34. Rc7 Bg8 35. Nc6 Ra8 36. h3 Nc4 37. Bb4 Nb2 38. Ne7 Nd3 39. Ng6+ Kh7 40. Bf8 Kh6 41. Bxg7+ Kg5 42. Rc6 Ra1+ 43. Kh2 Nf2 44. Bxf6+ Kh6 45. Bxe5 Rh1+ 46. Kg3 Nxe4+ 47. Kh4 Bd5 48. Rc8 1-0

[Event "FIN-chT 0102"]
[Site "Finland"]
[Date "2001.11.17"]
[Round "4.4"]
[White "Sorri, Kari Juhani"]
[Black "Nevanlinna, Risto"]
[Result "0-1"]
[WhiteElo "2295"]
[BlackElo "2338"]
[PlyCount "74"]
[EventDate "2001.09.21"]
[EventType "team-tourn"]
[EventRounds "9"]
[EventCountry "FIN"]
[SourceTitle "EXT 2022"]
[Source "ChessBase"]
[SourceDate "2021.10.06"]
[SourceVersion "1"]
[SourceVersionDate "2021.10.06"]
[SourceQuality "1"]
[WhiteTeam "Helsinki HSK"]
[BlackTeam "Jyvaskyla JyS"]
[WhiteTeamCountry "FIN"]
[BlackTeamCountry "FIN"]

1. d4 Nf6 2. Nf3 e6 3. g3 b6 4. Bg2 Bb7 5. 0-0 Be7 6. b3 0-0 7. Bb2 c5 8. dxc5 bxc5 9. c4 Nc6 10. Nc3 d6 11. Qd2 a6 12. Rad1 Qc7 13. Qc1 Rad8 14. Qa1 Ng4 15. Ne4 f5 16. Neg5 Rf6 17. Bxf6 Bxf6 18. Qc1 Qe7 19. h3 Nh6 20. e4 Nd4 21. Nxd4 Bxg5 22. f4 Bf6 23. Ne2 fxe4 24. Kh2 d5 25. g4 g5 26. Ng3 Nf7 27. Nh5 Bh8 28. Rde1 gxf4 29. Nxf4 Ng5 30. Kg1 d4 31. h4 d3 32. Nxd3 Nf3+ 33. Bxf3 Qxh4 34. Qf4 Rxd3 35. Qh2 Bd4+ 36. Kh1 Qxh2+ 37. Kxh2 exf3 0-1

[Event "FIN-chT 0001"]
[Site "Finland"]
[Date "2001.07.10"]
[Round "7.5"]
[White "Kekki, Petri"]
[Black "Sorri, Kari Juhani"]
[Result "1/2-1/2"]
[WhiteElo "2297"]
[BlackElo "2294"]
[PlyCount "142"]
[EventDate "2000.11.07"]
[EventType "team-tourn"]
[EventRounds "9"]
[EventCountry "FIN"]
[SourceTitle "EXT 2022"]
[Source "ChessBase"]
[SourceDate "2021.10.06"]
[SourceVersion "1"]
[SourceVersionDate "2021.10.06"]
[SourceQuality "1"]
[WhiteTeam "Espoo MatSK"]
[BlackTeam "Helsinki HSK"]
[WhiteTeamCountry "FIN"]
[BlackTeamCountry "FIN"]

1. d4 d5 2. c4 c6 3. e3 Nf6 4. Nf3 Bg4 5. Nbd2 e6 6. Bd3 Nbd7 7. 0-0 Be7 8. b3 0-0 9. Bb2 Re8 10. Re1 a5 11. Rc1 Bb4 12. a3 Bd6 13. Qc2 e5 14. cxd5 cxd5 15. dxe5 Nxe5 16. Nxe5 Bxe5 17. Bxe5 Rxe5 18. Qc7 Re7 19. Qxd8+ Rxd8 20. f3 Bh5 21. Rc5 b6 22. Rc6 Re6 23. Rc7 Ne8 24. Rc2 Bg6 25. Bxg6 hxg6 26. Kf2 Nd6 27. Rd1 f5 28. Nb1 Ne8 29. Rcd2 Nf6 30. Nc3 Red6 31. h3 Kf7 32. e4 fxe4 33. fxe4 Rc6 34. e5 Rxc3 35. exf6 gxf6 36. b4 axb4 37. axb4 Rc4 38. Rxd5 Rxd5 39. Rxd5 Rxb4 40. Rd6 g5 41. g3 Kg6 42. h4 g4 43. Rd5 Rb3 44. Rd4 f5 45. Rd6+ Kg7 46. h5 b5 47. Rg6+ Kh7 48. Rb6 b4 49. Kg2 Rb2+ 50. Kg1 b3 51. Rb5 Kh6 52. Kf1 Kg5 53. Kg1 Rb1+ 54. Kh2 Kxh5 55. Rxf5+ Kg6 56. Rb5 Kf6 57. Kg2 Ke6 58. Rb4 Kd5 59. Rxg4 Kc5 60. Rg8 Rd1 61. Rb8 Kc4 62. Kf3 Rd5 63. Rh8 Rb5 64. Rh1 b2 65. Rb1 Rf5+ 66. Kg4 Rf2 67. Kh5 Kd3 68. g4 Ke4 69. Kg6 Kf4 70. g5 Rg2 71. Rf1+ Kg4 1/2-1/2

[Event "FIN-chT 0001"]
[Site "Finland"]
[Date "2001.03.11"]
[Round "9.5"]
[White "Sorri, Kari Juhani"]
[Black "Nokso Koivisto, Antti"]
[Result "1/2-1/2"]
[WhiteElo "2294"]
[BlackElo "2227"]
[PlyCount "115"]
[EventDate "2000.11.07"]
[EventType "team-tourn"]
[EventRounds "9"]
[EventCountry "FIN"]
[SourceTitle "EXT 2022"]
[Source "ChessBase"]
[SourceDate "2021.10.06"]
[SourceVersion "1"]
[SourceVersionDate "2021.10.06"]
[SourceQuality "1"]
[WhiteTeam "Helsinki HSK"]
[BlackTeam "Turku TS"]
[WhiteTeamCountry "FIN"]
[BlackTeamCountry "FIN"]

1. e4 c5 2. Nf3 Nc6 3. d4 cxd4 4. Nxd4 e6 5. Be2 Nf6 6. Nc3 d6 7. 0-0 Be7 8. Be3 0-0 9. f4 a6 10. Qe1 Nxd4 11. Bxd4 b5 12. a3 Bb7 13. Qg3 Qc7 14. Bf3 Rfd8 15. Kh1 Bc6 16. Rae1 Qb7 17. Nd1 a5 18. Nf2 b4 19. Ng4 Nxg4 20. Qxg4 Bf8 21. h4 Qc7 22. Qg3 Re8 23. axb4 axb4 24. e5 Bxf3 25. Rxf3 dxe5 26. fxe5 Qxc2 27. Ref1 Re7 28. R3f2 Qc6 29. Be3 Rd7 30. Bg5 Qe4 31. h5 Rd3 32. Qh2 Qg4 33. Qh4 Qxh4+ 34. Bxh4 Rd7 35. Rc2 h6 36. Rfc1 Rd4 37. Bg3 Rdd8 38. Rc7 Rd2 39. R1c2 Rxc2 40. Rxc2 Be7 41. Rc7 Kf8 42. Bf2 g5 43. hxg6 fxg6 44. g4 Rd8 45. Be3 g5 46. Rc4 Rd3 47. Re4 Kf7 48. Kg2 Kg6 49. Kf2 Rb3 50. Bc1 Bf8 51. Rc4 Bg7 52. Rc6 Bxe5 53. Rxe6+ Bf6 54. Rc6 Kf7 55. Rc7+ Kg6 56. Rc6 Kf7 57. Rc7+ Kg6 58. Rc6 1/2-1/2

[Event "FIN-ch"]
[Site "Helsinki"]
[Date "2001.??.??"]
[Round "4"]
[White "Pihlajasalo, Hannu"]
[Black "Sorri, Kari Juhani"]
[Result "1/2-1/2"]
[WhiteElo "2236"]
[BlackElo "2294"]
[PlyCount "83"]
[EventDate "2001.??.??"]
[EventType "swiss"]
[EventRounds "9"]
[EventCountry "FIN"]
[SourceTitle "EXT 2002"]
[Source "ChessBase"]
[SourceDate "2001.11.25"]
[SourceVersion "1"]
[SourceVersionDate "2001.11.25"]
[SourceQuality "1"]

1. d4 d5 2. c4 e6 3. Nc3 Nf6 4. cxd5 exd5 5. Bg5 Nbd7 6. e3 c6 7. Bd3 Be7 8. Qc2 0-0 9. Nf3 Re8 10. 0-0 Nf8 11. Rae1 Be6 12. Ne5 N6d7 13. Bxe7 Qxe7 14. Nxd7 Qxd7 15. b4 Qe7 16. Rb1 Rad8 17. Ne2 Rd6 18. b5 Bc8 19. bxc6 Rxc6 20. Qa4 a6 21. Rfc1 Rh6 22. Ng3 b5 23. Qb3 Qh4 24. h3 Qg5 25. a4 bxa4 26. Qxa4 Bd7 27. Qa3 Rf6 28. Rb2 h5 29. Kh2 h4 30. Nf1 g6 31. Rc5 Ne6 32. Ra5 Nc7 33. Bxa6 Nxa6 34. Rxa6 Rxa6 35. Qxa6 Rc8 36. Qd6 Qf5 37. Qf4 Qxf4+ 38. exf4 Rc4 39. Rd2 Be6 40. Ne3 Ra4 41. Ng4 Kg7 42. Ne3 1/2-1/2

[Event "FIN-ch"]
[Site "Helsinki"]
[Date "2001.??.??"]
[Round "9"]
[White "Salimaki, Janne"]
[Black "Sorri, Kari Juhani"]
[Result "1/2-1/2"]
[WhiteElo "2225"]
[BlackElo "2294"]
[PlyCount "79"]
[EventDate "2001.??.??"]
[EventType "swiss"]
[EventRounds "9"]
[EventCountry "FIN"]
[SourceTitle "EXT 2002"]
[Source "ChessBase"]
[SourceDate "2001.11.25"]
[SourceVersion "1"]
[SourceVersionDate "2001.11.25"]
[SourceQuality "1"]

1. d4 Nf6 2. Bg5 d5 3. Bxf6 exf6 4. e3 c6 5. Nd2 Bd6 6. Bd3 f5 7. Qf3 g6 8. Ne2 Nd7 9. Nf4 Nf6 10. 0-0 h5 11. Qd1 Qc7 12. g3 h4 13. Nf3 Ne4 14. c4 g5 15. Ng2 f6 16. cxd5 Qh7 17. gxh4 cxd5 18. Qa4+ Kf8 19. Rfc1 Be6 20. Kf1 a6 21. Ke2 Re8 22. h3 Qh5 23. hxg5 fxg5 24. Rh1 f4 25. Rag1 Bxh3 26. Qa5 Nf6 27. Nge1 g4 28. Ne5 Bxe5 29. dxe5 Qxe5 30. Qc5+ Re7 31. Nc2 Kf7 32. Kd2 Qxb2 33. exf4 Rd8 34. f3 Ne4+ 35. fxe4 dxe4 36. Qh5+ Kf8 37. Qf5+ Ke8 38. Qg6+ Kf8 39. Qf5+ Ke8 40. Qg6+ 1/2-1/2

[Event "Helsinki op 3rd"]
[Site "Helsinki"]
[Date "2001.??.??"]
[Round "5"]
[White "Sorri, Kari Juhani"]
[Black "Molander, Riku"]
[Result "1-0"]
[WhiteElo "2294"]
[BlackElo "2314"]
[PlyCount "65"]
[EventDate "2001.??.??"]
[EventType "swiss"]
[EventRounds "5"]
[EventCountry "FIN"]
[SourceTitle "CBM 085 Extra"]
[Source "ChessBase"]
[SourceDate "2002.01.21"]
[SourceVersion "1"]
[SourceVersionDate "2002.01.21"]
[SourceQuality "1"]

1. d4 Nf6 2. Nf3 e6 3. g3 d5 4. Bg2 c5 5. 0-0 Nc6 6. b3 Be7 7. Bb2 0-0 8. Nbd2 Ne4 9. e3 Qa5 10. Nxe4 dxe4 11. Ne5 f5 12. Nxc6 bxc6 13. c4 Rd8 14. Qc2 cxd4 15. Bxd4 e5 16. Bc3 Bb4 17. Bxb4 Qxb4 18. Rfd1 Bb7 19. Bf1 Ba6 20. a3 Qe7 21. b4 c5 22. Rxd8+ Rxd8 23. Rd1 Bb7 24. Rxd8+ Qxd8 25. Qa4 a5 26. Qb5 Qc8 27. bxa5 h5 28. Qb6 f4 29. Qd6 fxe3 30. fxe3 Qa8 31. Qxe5 Qxa5 32. Qb8+ Kh7 33. Qxb7 1-0

[Event "FIN-ch"]
[Site "Helsinki"]
[Date "2001.??.??"]
[Round "3"]
[White "Sorri, Kari Juhani"]
[Black "Norri, Joose"]
[Result "0-1"]
[WhiteElo "2294"]
[BlackElo "2398"]
[PlyCount "48"]
[EventDate "2001.??.??"]
[EventType "swiss"]
[EventRounds "9"]
[EventCountry "FIN"]
[SourceTitle "EXT 2002"]
[Source "ChessBase"]
[SourceDate "2001.11.25"]
[SourceVersion "1"]
[SourceVersionDate "2001.11.25"]
[SourceQuality "1"]

1. e4 c5 2. Nc3 Nc6 3. g3 g6 4. Bg2 Bg7 5. f4 d6 6. Nf3 e5 7. d3 Nge7 8. 0-0 0-0 9. Be3 Nd4 10. Ne2 Nxf3+ 11. Bxf3 exf4 12. gxf4 Bxb2 13. Rb1 Bg7 14. Ng3 Nc6 15. f5 Ne5 16. Qd2 b6 17. Bh6 Bb7 18. Be2 f6 19. Be3 d5 20. Bxc5 dxe4 21. Bxf8 Qd4+ 22. Rf2 e3 23. Qb4 exf2+ 24. Kf1 Qd5 0-1

[Event "FIN-ch"]
[Site "Helsinki"]
[Date "2001.??.??"]
[Round "8"]
[White "Sorri, Kari Juhani"]
[Black "Sorsa, Nuutti"]
[Result "0-1"]
[WhiteElo "2294"]
[BlackElo "2245"]
[PlyCount "100"]
[EventDate "2001.??.??"]
[EventType "swiss"]
[EventRounds "9"]
[EventCountry "FIN"]
[SourceTitle "EXT 2002"]
[Source "ChessBase"]
[SourceDate "2001.11.25"]
[SourceVersion "1"]
[SourceVersionDate "2001.11.25"]
[SourceQuality "1"]

1. e4 c5 2. Nf3 d6 3. d4 cxd4 4. Nxd4 Nf6 5. Nc3 Nc6 6. Be2 e5 7. Nb3 Be7 8. 0-0 0-0 9. Bg5 Nxe4 10. Nxe4 Bxg5 11. Qxd6 Be7 12. Qxd8 Rxd8 13. Rfd1 Bf5 14. f3 Rxd1+ 15. Rxd1 Rd8 16. Rxd8+ Bxd8 17. c3 Bc7 18. Bc4 h6 19. Bd5 Nd8 20. Nbc5 Bc8 21. b4 Kf8 22. g4 Ke7 23. Kg2 g6 24. Bc4 f5 25. gxf5 gxf5 26. Ng3 Bd6 27. Nd3 Kf6 28. Bd5 Ne6 29. a4 Nc7 30. Bb3 b6 31. c4 Na6 32. b5 Nc5 33. Nxc5 Bxc5 34. Bc2 Kg5 35. Ne2 Bb4 36. Nc1 Bd6 37. Ne2 Bb4 38. Nc1 Bd6 39. Ne2 Be6 40. Bd3 Bb4 41. f4+ Kf6 42. fxe5+ Kxe5 43. Kf3 Bd2 44. Kf2 f4 45. Kf3 h5 46. Kf2 Be3+ 47. Kg2 Bg4 48. Ng1 Kd4 49. Bg6 Bxg1 50. Kxg1 Ke3 0-1

[Event "FIN-chT 0001"]
[Site "Finland"]
[Date "2000.11.23"]
[Round "1.5"]
[White "Sorri, Kari Juhani"]
[Black "Mertanen, Janne"]
[Result "1-0"]
[WhiteElo "2294"]
[BlackElo "2193"]
[PlyCount "27"]
[EventDate "2000.11.07"]
[EventType "team-tourn"]
[EventRounds "9"]
[EventCountry "FIN"]
[SourceTitle "EXT 2022"]
[Source "ChessBase"]
[SourceDate "2021.10.06"]
[SourceVersion "1"]
[SourceVersionDate "2021.10.06"]
[SourceQuality "1"]
[WhiteTeam "Helsinki HSK"]
[BlackTeam "Tampere Taraus"]
[WhiteTeamCountry "FIN"]
[BlackTeamCountry "FIN"]

1. d4 Nf6 2. Nf3 g6 3. g3 Bg7 4. Bg2 0-0 5. 0-0 d5 6. b3 a5 7. Bb2 Nc6 8. a3 a4 9. b4 Ne4 10. Ne5 Nxe5 11. dxe5 c6 12. c4 Qc7 13. cxd5 Bxe5 14. d6 1-0

[Event "Heinola We HeinSK op"]
[Site "Heinola"]
[Date "2000.??.??"]
[Round "3"]
[White "Sorri, Kari Juhani"]
[Black "Johansson, Jukka"]
[Result "1-0"]
[WhiteElo "2257"]
[BlackElo "2066"]
[PlyCount "45"]
[EventDate "2000.??.??"]
[EventType "swiss"]
[EventRounds "5"]
[EventCountry "FIN"]
[SourceTitle "EXT 2004"]
[Source "ChessBase"]
[SourceDate "2003.11.25"]
[SourceVersion "1"]
[SourceVersionDate "2003.11.25"]
[SourceQuality "1"]

1. d4 Nf6 2. Nf3 g6 3. c4 Bg7 4. Nc3 d5 5. g3 0-0 6. Bg2 c6 7. 0-0 Ne4 8. Bf4 Nxc3 9. bxc3 dxc4 10. Qc1 b5 11. Bh6 Bb7 12. Bxg7 Kxg7 13. a4 Nd7 14. e4 Qc7 15. Nh4 Nb6 16. f4 Nxa4 17. f5 f6 18. fxg6 hxg6 19. e5 c5 20. Bxb7 Qxb7 21. Qb1 f5 22. Rxa4 Qd7 23. Ra6 1-0